On This Day: October 3rd Quiz Stats

 Plays Quiz Updated Oct 3, 2017

Challenge
Share
Tweet
Embed
Score 0/7 Timer 03:00
3 Plays Today
Question Answer Wrong Answers
The last Thursday in November is declared as ______ by United States President Abraham Lincoln.
1863
Thanksgiving Day
92.8%
Black Friday
1.1%
Veterans Day
5.2%
All Saint's Day
0.9%
East Germany ceases to exist and its territory becomes part of West Germany. Today, the event is celebrated as German ______ Day.
1990
Unity
82.1%
Peace
2.4%
Alliance
9.4%
Harmony
1.9%
The Emergency Economic Stabilization Act of 2008, commonly referred to as a ______ of the US financial system, is signed by President George W. Bush.
2008
Bailout
81.3%
Lifeline
4.2%
Band-aid
8.6%
Redo
1.2%
O. J. Simpson is acquitted of the murders of his ex-wife Nicole Brown Simpson and waiter ______.
1995
Ronald Goldman
78.8%
Robert Kardashian
1.7%
Kato Kaelin
4.6%
Mark Fuhrman
10.6%
The Kingdom of Serbs, Croats and Slovenes is renamed to the Kingdom of ______, meaning ‘Land of the South Slavs’.
1929
Yugoslavia
75.7%
Czechoslovakia
15.3%
Macedonia
5.3%
Nicaea
1.1%
The California State Superior Court rules that this poet’s ‘Howl and Other Poems’ is not obscene.
1957
Allen Ginsberg
51.3%
William S. Burroughs
14.7%
Jack Kerouac
23.4%
Ken Kesey
6.8%
This nation successfully tests a nuclear weapon, becoming the world's third nuclear power.
1952
United Kingdom
36.9%
Pakistan
4.2%
China
36.8%
India
18.5%

Today's Daily Dose

You're not logged in!

Compare scores with friends on all Sporcle quizzes.
Join for Free
OR
Log In

You Might Also Like...

Show Comments

Extras

Top Quizzes Today


Score Distribution

Your Account Isn't Verified!

In order to create a playlist on Sporcle, you need to verify the email address you used during registration. Go to your Sporcle Settings to finish the process.

Report this User

Report this user for behavior that violates our Community Guidelines.

Details: